00504nam a2200085Ia 4500008004100000245003300041300027700074650000900351856005800360170517s9999 xx 000 0 und d aBefore the Music Dies (B4MD) aEver since MTV arrived in our living rooms, there has been an inordinate amount of emphasis on beauty and youth and appearance - none of which enters our consciousness through our ears. Never have so few companies controlled so much of the music played on the radio and... xArt. uhttp://topdocumentaryfilms.com/before-the-music-dies/